| 000 | 00814nam a2200217 i 4500 | ||
|---|---|---|---|
| 001 | 53368 | ||
| 003 | ES-MaACL | ||
| 005 | 20230906162743.0 | ||
| 007 | t| | ||
| 008 | 950922s1862 sp |||| | spa d | ||
| 080 | _a61:061.236.7(460.27 M.) | ||
| 110 | 2 |
_aSociedad Médica La Amiga del Estudio. _9134900 |
|
| 245 | 1 | 0 |
_aResumen de las tareas de la Sociedad Médica La Amiga del Estudio : _ben el período académico de 1861 a 1862 / _cleído por Nicolás Escolar y López. |
| 260 |
_aMadrid : _b[s.n.], _c1862 ( _fImp. de M. Álvarez) |
||
| 300 |
_a40 p. ; _c20 cm. |
||
| 505 | 8 | _aContiene además: Discurso del Doctor Rafael Martínez y Molina | |
| 700 | 1 |
_aEscolar y López, Nicolás. _947608 |
|
| 700 | 1 |
_aMartínez y Molina, Rafael. _978484 |
|
| 852 | 4 |
_aES-MaACL _jT-69-F-9 |
|
| 852 | 4 |
_aES-MaACL _jT-74-F-10 |
|
| 999 |
_c53368 _d53368 |
||